Statistics for The Monarchs of Belgium

Click here to take the quiz!

General Stats

  • This quiz has been taken 20 times
  • The average score is 6 of 7

Answer Stats

ReignAnswer% Correct
1831-1865Leopold I
100%
1865-1909Leopold II
100%
1934-1951Leopold III
100%
1909-1934Albert I
92%
1993-2013Albert II
92%
2013-Philippe
92%
1951-1993Baudouin
69%

Score Distribution

Percentile by Number Answered

Percent of People with Each Score

Your Score History

You have not taken this quiz